000 00325nam a2200133Ia 4500
008 231129s1983||||xx |||||||||||||| ||spa||
040 _bspa
082 _a616.042 B517g
100 _aBernal Villegas Jaime
245 0 _aGenetica clinica simplificada
260 _c1983
264 _aCatalogo Cientifico
942 _2ddc
_cBKS
999 _c14389
_d14389